000 00763nam a2200229Ia 4500
003 GCL
008 140319s9999 xx 000 0 ara d
040 _aGCL /
_cGCL
082 0 4 _a346.04
_bم م
100 1 _aمدحت محمد الحسينى
245 1 0 _aمنازعات الاراضى الزراعية فى القانون المدنى وقانون الاصلاح الزراعى /
_cمدحت محمد الحسينى
260 _a[S.N] :
_bدار المطبوعات الجامعية ،
_c1992
300 _a411 ص
490 _a
650 0 4 _aالقانون
650 0 4 _aمصر
650 0 4 _aالقانون المدنى
650 0 4 _aالعقود
650 0 4 _aالملكية الزراعية
650 0 4 _aنزع الملكية
942 _2ddc
_cBK
999 _c52726
_d52726